00999nac a22002531u 4500010001700000020002900017020001700046082001600063090001500079100003400094245009300128250001200221260006200233300003600295500002000331650002100351650002500372700002100397856008100418942001800499999001500517952010400532952010900636 a 2006286366 a1418835935 (student ed.) a1418836508 :00a005.74bROB c5139d5139 aRob, Peter. 10aDatabase systems :bdesign, implementation, and management /cPeter Rob, Carlos Coronel. a7th ed. aBoston, Mass. :bThomson/Course Technology,c2007.cc2007. axxvii, 668 p. :bill. ;c29 cm. aIncludes index. 0aDatabase design. 0aDatabase management.1 aCoronel, Carlos.413Table of contents onlyuhttp://www.loc.gov/catdir/toc/fy0704/2006286366.html cBBk005.74ROB c5139d5139 00104070aMAINbMAINcLOWd2007-11-07ePurchasel0o005.74ROBp000006083r2025-07-15 00:00:00yBB 00102ddc4070aMAINbMAINcLOWd2007-11-07ePurchasel0o005.74ROBp000007349r2025-07-15 00:00:00yBB